<?xml version="1.0" encoding="UTF-8"?><?xml-stylesheet type="text/xsl" href="static/style.xsl"?><OAI-PMH xmlns="http://www.openarchives.org/OAI/2.0/" xmlns:xsi="http://www.w3.org/2001/XMLSchema-instance" xsi:schemaLocation="http://www.openarchives.org/OAI/2.0/ http://www.openarchives.org/OAI/2.0/OAI-PMH.xsd"><responseDate>2026-04-28T19:30:15Z</responseDate><request verb="GetRecord" identifier="oai:uvadoc.uva.es:10324/39655" metadataPrefix="marc">https://uvadoc.uva.es/oai/request</request><GetRecord><record><header><identifier>oai:uvadoc.uva.es:10324/39655</identifier><datestamp>2021-06-30T02:40:39Z</datestamp><setSpec>com_10324_38</setSpec><setSpec>col_10324_852</setSpec></header><metadata><record xmlns="http://www.loc.gov/MARC21/slim" xmlns:doc="http://www.lyncode.com/xoai" xmlns:xsi="http://www.w3.org/2001/XMLSchema-instance" xmlns:dcterms="http://purl.org/dc/terms/" xsi:schemaLocation="http://www.loc.gov/MARC21/slim http://www.loc.gov/standards/marcxml/schema/MARC21slim.xsd">
<leader>00925njm 22002777a 4500</leader>
<datafield tag="042" ind1=" " ind2=" ">
<subfield code="a">dc</subfield>
</datafield>
<datafield tag="720" ind1=" " ind2=" ">
<subfield code="a">Sanz Blanco, Alejandra</subfield>
<subfield code="e">author</subfield>
</datafield>
<datafield tag="260" ind1=" " ind2=" ">
<subfield code="c">2019</subfield>
</datafield>
<datafield tag="520" ind1=" " ind2=" ">
<subfield code="a">El Movimiento Moderno enfocado al diseño de sillas implica una evolución desde finales del siglo&#xd;
XIX gracias a la mecanización derivada de Revolución Industrial y la aplicación de nuevos&#xd;
materiales y nuevas formas funcionales alejados de los estilos del pasado. Empieza con un&#xd;
racionalismo internacional en los años 20 y 30 empleando el metal como material preferido y&#xd;
termina con unas formas orgánicas en los años 40 y 50 con madera contrachapada y plásticos.</subfield>
</datafield>
<datafield tag="520" ind1=" " ind2=" ">
<subfield code="a">The Modern Movement focused on the design of chairs implies an evolution since the&#xd;
late nineteenth century due to the mechanization derived from Industrial Revolution and the&#xd;
application of new materials and new functional forms far removed from the styles of the past. It&#xd;
begins with an international rationalism in the 20s and 30s using metal as the preferred material and&#xd;
ends with organic forms in the 40s and 50s with plywood and plastics</subfield>
</datafield>
<datafield tag="024" ind2=" " ind1="8">
<subfield code="a">http://uvadoc.uva.es/handle/10324/39655</subfield>
</datafield>
<datafield tag="245" ind1="0" ind2="0">
<subfield code="a">La silla entre la función y el diseño en la modernidad</subfield>
</datafield>
</record></metadata></record></GetRecord></OAI-PMH>